Online
Catalog

Sweet bird of youlth ; A streetcar named desire ; The glass menagerie / (Record no. 25449)

MARC details
000 -CABECERA
campo de control de longitud fija 00614nam a2200169 a 4500
001 - NÚMERO DE CONTROL
campo de control 000025957
005 - FECHA Y HORA DE LA ÚLTIMA TRANSACCIÓN
campo de control 20200930024201.0
008 - DATOS DE LONGITUD FIJA--INFORMACIÓN GENERAL
campo de control de longitud fija 110224s1965 xx 000 0 eng d
040 ## - FUENTE DE LA CATALOGACIÓN
Centro catalogador/agencia de origen DO-SdBNP
Lengua de catalogación eng
Centro/agencia transcriptor BNPHU
082 ## - NÚMERO DE LA CLASIFICACIÓN DECIMAL DEWEY
Número de clasificación xxxxxx
Número de documento/Ítem xxxxxx
100 1# - ENTRADA PRINCIPAL--NOMBRE DE PERSONA
Nombre de persona Williams, Tennessee.
9 (RLIN) 52834
245 10 - MENCIÓN DE TÍTULO
Título Sweet bird of youlth ; A streetcar named desire ; The glass menagerie /
Mención de responsabilidad, etc. Tennessee Williams ; edición de E. Martin Browne.
260 ## - PUBLICACIÓN, DISTRIBUCIÓN, ETC.
Lugar de publicación, distribución, etc. New York :
Nombre del editor, distribuidor, etc. Penguin Books,
Fecha de publicación, distribución, etc. 1965.
300 ## - DESCRIPCIÓN FÍSICA
Extensión 313 p. ;
Dimensiones 18 cm.
563 ## - NOTA DE ENCUADERNACIÓN
Nota de encuadernación Tres obras encuadernadas juntas con paginación continua
700 1# - PUNTO DE ACCESO ADICIONAL--NOMBRE DE PERSONA
Nombre de persona Browne, E. Martin,
Término indicativo de función/relación ed.
9 (RLIN) 52835
Holdings
Estado de retiro Estado de pérdida Restricciones de uso No para préstamo Código de colección Localización permanente Ubicación/localización actual Ubicación en estantería Fecha de adquisición Número de inventario Total de préstamos Signatura topográfica completa Código de barras Fecha visto por última vez Precio válido a partir de Tipo de ítem Koha Número de copia
      Excluido de préstamo Monografías: Libros y Folletos General General Depósito 24.02.2011 LF1   xxxxxx xxxxxx 25957-10 25.06.2020 25.06.2020 No se presta  
  Extraviado   Excluido de préstamo Monografías: Libros y Folletos General General Extraviado 02.06.2017 LF1   xxxxxx xxxxxx 25957-20 25.06.2020 25.06.2020 No se presta e. 2

Powered by Koha